Slovakia’s Public Debt - the Greek Path?
Článok sa zameriava na analýzu verejných financií SR v kontexte verejného dlhu. Zároveň obsahuje prehľad empirickej literatúry o zadlženosti a spôsobu riadenia dlhu Slovenska a EÚ. Popisuje aktuálny stav verejného dlhu, deficitu a dlhodobej udržateľnosti SR. Diskutuje sa aj o názoroch rôznych ekonóm...
Uložené v:
| Hlavný autor: | |
|---|---|
| Ďalší autori: | |
| Médium: | Kapitola |
| Jazyk: | English |
| Predmet: | |
| Tagy: |
Žiadne tagy, Buďte prvý, kto otaguje tento záznam!
|
MARC
| LEADER | 00000naa a2200000 4500 | ||
|---|---|---|---|
| 001 | 0304647 | ||
| 005 | 20241017124808.9 | ||
| 041 | 0 | |a eng | |
| 044 | |a SK | ||
| 245 | 1 | 0 | |a Slovakia’s Public Debt - the Greek Path? |c Lenka Pčolinská, Dmytro Kaluzhnyi |
| 520 | |a Článok sa zameriava na analýzu verejných financií SR v kontexte verejného dlhu. Zároveň obsahuje prehľad empirickej literatúry o zadlženosti a spôsobu riadenia dlhu Slovenska a EÚ. Popisuje aktuálny stav verejného dlhu, deficitu a dlhodobej udržateľnosti SR. Diskutuje sa aj o názoroch rôznych ekonómov na to, či sa verejné financie vyvíjajú podľa "gréckeho" scenára. Hlavným cieľom je poskytnúť empirický základ pre hodnotenie pravdivosti týchto naratívov porovnaním vývoja ukazovateľov dlhodobej udržateľnosti verejných financií na Slovensku a v Grécku. | ||
| 610 | 2 | 0 | |a dlhy verejné |
| 610 | 2 | 0 | |a financie verejné |
| 610 | 2 | 0 | |a konsolidácia |
| 610 | 2 | 0 | |a udržateľnosť fiškálna |
| 610 | 2 | 0 | |a zadlženosť |
| 610 | 2 | 0 | |a deficit |
| 610 | 2 | 0 | |a Slovensko |
| 610 | 2 | 0 | |a Grécko |
| 100 | 1 | |a Pčolinská, Lenka | |
| 700 | 1 | |a Kaluzhnyi, Dmytro | |